Statistics for How Many Times Can You Type "JAPAN" in 15 Seconds?

Click here to take the quiz!

General Stats

  • This quiz has been taken 4,651 times
    (4,474 since last reset)
  • The average score is 11 of 15

Answer Stats

Answer% Correct
Japan
100%
Japan
98%
Japan
96%
Japan
95%
Japan
92%
Japan
90%
Japan
85%
Japan
80%
Japan
73%
Japan
67%
Japan
60%
Japan
51%
Japan
42%
Japan
35%
Japan
28%

Score Distribution

Percentile by Number Answered

Percent of People with Each Score

Your Score History

You have not taken this quiz since the last reset